Statistics for ポケモンの性格

Click here to take the quiz!

General Stats

  • This quiz has been taken 8 times
  • The average score is 22 of 25

Answer Stats

HintAnswer% Correct
補正無しまじめ
100%
防御↑ 素早さ↓のんき
100%
素早さ↑ 特攻↓ようき
100%
素早さ↑ 攻撃↓おくびょう
100%
攻撃↑ 特攻↓いじっぱり
100%
特攻↑ 攻撃↓ひかえめ
100%
特防↑ 攻撃↓おだやか
100%
防御↑ 特防↓のうてんき
100%
攻撃↑ 素早さ↓ゆうかん
100%
特攻↑ 防御↓おっとり
86%
特攻↑ 特防↓うっかりや
86%
特攻↑ 素早さ↓れいせい
86%
特防↑ 特攻↓しんちょう
86%
特防↑ 素早さ↓なまいき
86%
素早さ↑ 防御↓せっかち
86%
攻撃↑ 特防↓やんちゃ
86%
補正無しがんばりや
86%
補正無してれや
86%
攻撃↑ 防御↓さみしがり
86%
防御↑ 特攻↓わんぱく
71%
素早さ↑ 特防↓むじゃき
71%
補正無しきまぐれ
71%
補正無しすなお
71%
防御↑ 攻撃↓ずぶどい
57%
特防↑ 防御↓おとなしい
57%

Score Distribution

Percentile by Number Answered

Percent of People with Each Score

Your Score History

You have not taken this quiz